| 000 | 00679nam a2200169 a 4500 | ||
|---|---|---|---|
| 008 | 120416s1988 ||||||||||||||||| || u | ||
| 020 | _a0582037271 | ||
| 050 | _aTA 645 Gau | ||
| 100 | _aGauld, Bryan J. B | ||
| 245 | 1 | 0 | _aStructures for architects |
| 250 | _a2nd ed. | ||
| 260 |
_aLondon _bLongman _c1988 |
||
| 300 | _aviii, 176p. : ill | ||
| 350 | _a0.00 | ||
| 995 |
_aMAIN LIBRARY OPEN ACCESS _D0.00 _e721110 _FCBU-MAIN LIBRARY (Kitwe) _H2 _I11.95 _jTA 645 Gau _M1 _UAVAILABLE _y020359 _ZMain Library Open Access Collection |
||
| 995 |
_aMAIN LIBRARY OPEN ACCESS _D0.00 _e722044 _FCBU-MAIN LIBRARY (Kitwe) _H1 _I11.95 _jTA 645 Gau _M2 _UAVAILABLE _y020517 _ZMain Library Open Access Collection |
||
| 999 |
_c76937 _d76937 |
||